000
00227 a2200097 4500
001
35100
090
_c
23245
_d
23245
100
_a
Israr ul Haque
245
_a
Towards Islamic Renaissance
260
_a
Lahor
_b
Feroz sons
_c
1987
942
_a
NUST-CAE
_k
297.1971 ISR
999
_c
270173
_d
270173